Statistics for Guess 40 Benfica footballers by image

Click here to take the quiz!

General Stats

  • This quiz has been taken 91 times
  • The average score is 30 of 40

Answer Stats

Answer% Correct
Ángel Di Maria
98%
Enzo Fernández
96%
Joao Felix
96%
Joao Mário
96%
Eusebio
95%
Darwin Núñez
94%
Ederson
93%
Nicolas Otamendi
91%
Ruben Dias
90%
Fabio Coentrão
89%
Goncalo Ramos
89%
David Luiz
88%
Julian Draxler
88%
Axel Witsel
86%
Nemanja Matic
85%
David Neres
83%
Jan Vertonghen
83%
Julio Cesar
81%
Goncalo Guedes
79%
Renato Sanches
79%
Jan Oblak
78%
Rui Costa
76%
Alejandro Grimaldo
74%
Raul Jiménez
74%
Luisao
70%
Odisseas Vlachodimos
70%
Victor Lindelof
70%
Rafa Silva
69%
Oscar Cardozo
66%
Kōstas Mītroglou
65%
Pizzi
63%
Maxi Pereira
61%
Ezequiel Garay
58%
Eduardo Salvio
55%
Jonas
55%
Simao
55%
Nicolas Gaitan
54%
Nuno Gomes
53%
Javier Saviola
44%
Mario Coluna
39%

Score Distribution

Percentile by Number Answered

Percent of People with Each Score

Your Score History

You have not taken this quiz